[Event "Unterfranken-ch HB 48th"]
[Site "Bergrheinfeld"]
[Date "1997.??.??"]
[Round "7"]
[White "Elbert, Thomas"]
[Black "Tsiougaris, Thomas"]
[Result "1/2-1/2"]
[WhiteElo "1166"]
[BlackElo "1197"]
[PlyCount "40"]
[EventDate "1997.03.31"]
[EventType "swiss"]
[EventRounds "9"]
[EventCountry "GER"]
[SourceTitle "EXT 2015"]
[Source "ChessBase"]
[SourceDate "2014.11.20"]
[SourceVersion "1"]
[SourceVersionDate "2014.11.20"]
[SourceQuality "1"]

1. d4 d5 2. c4 c6 3. Nc3 e6 4. e3 Nf6 5. Nf3 dxc4 6. Bxc4 b5 7. Bd3 Bb4 8. Bd2 Nd5 9. Nxd5 Bxd2+ 10. Qxd2 exd5 11. e4 Qe7 12. Qe2 Qb4+ 13. Qd2 Qxd2+ 14. Nxd2 Be6 15. 0-0 0-0 16. Nb3 dxe4 17. Bxe4 Bd5 18. Bxd5 cxd5 19. Rac1 Nd7 20. Nc5 Nb6 1/2-1/2